00895nam a2200229Ia 4500003000900000008004100009020001800050040001600068080002200084111009100106245019100197260004200388300001400430490002600444650002600470650002600496650004300522700002000565700001900585700002400604710003700628IN-BaIIA211028s9999 xx 000 0 eng d a90-277-0479-1 cIIA Library a082.2:52bIAU-S59 aInternational Astronomical Union Symposiumn59thcCanberra, Australiad1973 Aug. 16-18 0aStellar instability and evolutionbproceedings of the IAU symposium No.59, held in Mount Stromlo, Canberra, Australia, August 16-18, 1973cedited by P. Ledoux, A. Noels and A. W. Rodgers aDordrechtbD. Reidel Publishingc1974 axi, 198p. aIAU Symposium; no. 59 a Stellar evolution  a Stellar instability aAstronomy and Astrophysics Thesaurus  aLedoux, P., ed. aNoels, A., ed. aRodgers, A. W., ed. aInternational Astronomical Union